000 00793cam a2200241 a 4500
999 _c373
_d373
001 114555
003 OSt
005 20190807152348.0
008 010703s1999 enka b 001 0 eng d
020 _a9780714838885
040 _aRVE
_cRVE
_dJNC
_dCLU
_dNHU
082 _a709.049 LUC
100 1 _aLucie-Smith, Edward.
_eauthor
245 1 0 _aArtoday /
_cEdward Lucie-Smith.
246 3 _aArt today.
260 _aLondon :
_bPhaidon,
_c1999.
300 _a511 p. :
_bcol. ill. ;
_c29 cm.
500 _a"This is a completely new book, bearing no relation ... to the author's previous Art today."--p. [512].
504 _aIncludes Bibliography(p. 498-503.) and index.
650 0 _aArt, Modern
_y20th century
_xHistory.
650 0 _aArt, Modern
_y20th century
_xThemes, motives.
942 _2ddc
_cNFIC